000 nam a22 a 4500
999 _c136720
_d136720
003 BLK
005 20230418111052.0
008 180409b bul|||||r ||||||| ||bul||
010 _aKNG00142669000
040 _aBLK
041 _aBUL
_cBUL
080 _aБългарска литература
_b821.163.2
_x(081.2)
_z821.163.2(081.2)
080 _aБългарска литература
_b821.163.2
_x-32
_z821.163.2-32
100 _9429765
_aРадичков, Йордан Димитров
_d1929-2004
139 _aРадичков, Йордан Димитров
_bР 14
245 1 0 _aИзбрани произведения
_bВ 2 т.
_cЙордан Радичков.
_nТ. 2
_pИзбрани новели
257 _aBGR
260 _aСофия
_bБълг. писател
_c1979
300 _a399 с.
_c21 см
380 _aX
500 _a10 113 тир.
760 1 _aРадичков, Йордан Димитров
_h399 с.
_tТ. 2 Избрани новели
852 _aЦб 97242
856 4 _qpdf
_i0.00
_ldisable
856 4 _qpdf
_i0.00
_ldisable
942 _cKNG
_n0
_04
_s1
944 _aCR
_c14.05.2013
_l14.05.2013 - от С1,Р / 14.05.2013
_kСевдалина_Василева
944 _aED
_c14.05.2013
_l14.05.2013 - от С1,Р / 14.05.2013
999 _d136720
999 _d136720